The clash of civilizations and the remaking of world order / (Record no. 14466)

000 -LEADER
fixed length control field 00541cam a2200181Ia 4500
020 ## - INTERNATIONAL STANDARD BOOK NUMBER
ISBN 074323149X
040 ## - CATALOGING SOURCE
Transcribing agency UKM
082 04 - DEWEY DECIMAL CLASSIFICATION NUMBER
Classification number 909 FRE 2002 A104 Or.
100 1# - MAIN ENTRY--AUTHOR NAME
Personal name Huntington, Samuel P.
245 14 - TITLE STATEMENT
Title The clash of civilizations and the remaking of world order /
260 ## - PUBLICATION, DISTRIBUTION, ETC. (IMPRINT)
Place of publication New York ;
-- London :
Name of publisher Free,
Year of publication 2002
300 ## - PHYSICAL DESCRIPTION
Number of Pages 368 p. :
Other physical details maps ;
Dimensions 20 cm
500 ## - GENERAL NOTE
General note Originally published: London: Simon & Schuster, 1997
650 #0 - SUBJECT ADDED ENTRY--TOPICAL TERM
Topical Term International relations
650 #0 - SUBJECT ADDED ENTRY--TOPICAL TERM
Topical Term Politics and culture
650 #0 - SUBJECT ADDED ENTRY--TOPICAL TERM
Topical Term World politics
942 ## - ADDED ENTRY ELEMENTS (KOHA)
Koha item type សៀវភៅភាសាអង់គ្លេស
952 ## - LOCATION AND ITEM INFORMATION (KOHA)
Withdrawn status [LOCAL, KOHA] 0
Holdings
Permanent Location Date acquired Koha item type Lost status Shelving location Barcode Current Location Full call number
Library Block A2017-10-17សៀវភៅភាសាអង់គ្លេស A103A22536Library Block A909 FRE 2002 A103 Or.
មជ្ឈមណ្ឌលឯការនៃសាកលវិទ្យាល័យភូមិន្ទកសិកម្មចំការដូង

Powered by Koha